Petit Bac (Géographie) - Lettre D - Statistiques

Statistiques générales
  • Ce quiz a été pris 1 455 fois
    732 depuis la dernière actualisation
  • Le résultat moyen est 9 sur 12
Statistiques - réponses
Thèmes Mots commençant par D % Correct
Pays Danemark / Dominique / Djibouti
99%
Capitale Dublin / Dakar / Damas / Doha / Dili +7
93%
Département français Dordogne / Doubs / Drôme / Deux-Sèvres
83%
États des États-Unis Delaware / Dakota du Nord / Dakota du Sud
78%
Ville des Etats-Unis de plus de 200 000 habitants Dallas / Denver / Détroit / Des Moines / Durham
76%
Fleuve Danube / Dniepr / Dordogne / Don / Douro +14
74%
Ville de plus de 5 millions d'habitants Delhi / Dar es Salam / Dacca / Dallas +2
73%
Ville allemande de plus de 50 000 habitants Dresde / Dortmund / Düsseldorf / Duisbourg
70%
Ville de l'Union Européenne de plus de 100 000 habitants (hors capitale) Dijon / Düsseldorf / Dortmund / Dresde +6
67%
Préfecture Dijon / Digne-les-Bains
62%
Sous-préfecture française Dunkerque / Douai / Dinan / Draguignan / Dreux +5
51%
Ville d'Afrique du sud de plus de 100 000 habitants Durban / Dundee / Delmas
25%
Aucun quiz correspondant
Distribution des résultats
% des personnes avec chaque résultat
Percentile par nombre de réponses
Votre historique - résultats
Vous n’avez pas pris ce quiz depuis la dernière actualisation